Statystyki dla Czym jest ten obiekt kosmiczny ?

Kliknij tutaj aby rozwiązać quiz!

Ogólne statystyki

  • Ten quiz został rozwiązany 6 razy
  • Średni wynik to 6 z 15

Statystyki odpowiedzi

ZagadnienieOdpowiedź% Poprawnych
BetelgezaGwiazda
67%
CharonKsiężyc
67%
DimorphosKsiężyc
67%
Kepler-22bPlaneta
67%
Sagittarius A*Czarna Dziura
50%
AldebaranGwiazda
50%
GonggongObjekt Transneptunowy
50%
Hercules AGalaktyka
33%
RigelGwiazda
33%
Hale-BoppKometa
33%
ErisPlaneta Karłowata
33%
Messier 87Galaktyka
17%
ArielKsiężyc
17%
StyxKsiężyc
17%
WASP-12bPlaneta
0%

Rozkład punktacji

Percentyl według liczby udzielonych odpowiedzi

Procent ludzi z każdym wynikiem

Twoja historia wyników

Nie rozwiązałeś tego quizu